000 00640nam a2200169Ia 4500
008 090201s9999 xx 000 0 und d
010 _aKPL-73632
040 _bहिंदी
041 _aहिंदी
082 _a54115
_b73632
100 _aकार्लो कालोदी / रुपां.रीमा पाराशर
245 _aजादुई कठपुतला
_cकार्लो कालोदी / रुपां.रीमा पाराशर
260 _c2003
_bअक्षरमाला
300 _a103
_bमध्यम
600 _aजादुई कठपुतला
942 _cBOOK
999 _c250525
_d250525